000 00565nam a2200205Ia 4500
005 20251118132620.0
008 230125s9999 xx 000 0 und d
020 _a81-7992-665-6
041 _aeng
082 _a158.1
_bCUS/THO
100 _aCusack S
_9215014
245 _aMental Fitness for Life : 7Steps to Healthy Living
260 _c2007
_bJaico Publishing House
_aMumbai
300 _a256p
500 _aPersonality Development,
650 _aPersonality Development
_9213420
700 _aCusack S & Thompson W
_9215015
906 _b49
942 _cBK
999 _c88475
_d88475